000 00357nam a2200133Ia 4500
008 240624s9999 xx 000 0 und d
041 _aeng
082 _a658.403 ROS
100 _aROSENHEAD JONATHAN
245 _aRATIONAL ANALYSIS FOR A PROBLEMATIC WORL
260 _c2009
_aChichester
_bJohn Wiley and Sons
300 _a366 : p. : cm. ; 24
365 _cRS
999 _c20227
_d20227